Clubs de Ligue 2 de la saison 2025-2026 - Statistiques

Statistiques générales
  • Ce quiz a été pris 360 fois
  • Le résultat moyen est 14 sur 18
Statistiques - réponses
Hint Réponse % Correct
S Saint-Étienne | ASSE
92%
T Troyes | ESTAC
85%
R Reims | Stade de Reims
84%
B Bastia
83%
A Amiens
80%
R Red Star
79%
L Le Mans
77%
M Montpellier | MHSC
77%
D Dunkerque | USLD
75%
G Grenoble | GF38
74%
G Guingamp | EAG
74%
L Laval
74%
N Nancy | ASNL
74%
A Annecy
73%
P Pau Fc | Pau
70%
B Boulogne
66%
R Rodez
66%
C Clermont | CF63
60%
Aucun quiz correspondant
Distribution des résultats
% des personnes avec chaque résultat
Percentile par nombre de réponses
Votre historique - résultats
Vous n’avez pas pris ce quiz